000
00230nam a22000977a 4500
999
_c
263441
_d
263440
020
_a
9780545624640
100
_a
Kate Howard
245
_a
The Lego movie : junior novel
260
_a
New York
_b
Scholastic Inc
_c
2014
942
_c
BK